000 00583 a2200217 4500
001 54594
005 20260407155820.0
008 260407a1975 arg spa d
003 AR-UNSa-BCEJYS
040 _aAR-UNSa-BCEJYS
_bspa
_cAR-UNSa-BCEJYS
080 _a32
_xPolítica
245 1 0 _aIntroducción al pensamiento político
250 _a7a. ed.
264 1 _aMéxico :
_bSiglo Veintiuno editores
_c1975
300 _a87 p.
_c15 cm.
041 _aspa
942 _cBK
590 _aniveau_biblio:m niveau_hierar:0
100 1 _aCerroni, Umberto
700 1 _aCórdova, Arnaldo
999 _c5669
_d5669